[Event "2BLW 2324 Klub Kölner SF - SV Werder Br"]
[Site "?"]
[Date "2023.12.03"]
[Round "4.6"]
[White "Andersen, Hans-Christoph"]
[Black "Joachim, Sven"]
[Result "1-0"]
[WhiteElo "2209"]
[BlackElo "2394"]
[PlyCount "61"]
[EventDate "2023.??.??"]

1. d4 Nf6 2. Nf3 g6 3. c4 Bg7 4. Nc3 O-O 5. e4 d6 6. h3 e5 7. d5 a5 8. Bg5 Na6 9. Be2 Qe8 10. g4 Nd7 11. a3 Nb6 12. Be3 Bd7 13. b3 Nc5 14. Nd2 Qd8 15. g5 f5 16. h4 c6 17. f3 cxd5 18. cxd5 Rc8 19. Nb5 Bxb5 20. Bxb5 fxe4 21. fxe4 Rf4 22. Rc1 Nbd7 23. Bxf4 exf4 24. b4 Qb6 25. bxc5 Qxb5 26. cxd6 Nc5 27. Rh3 Bd4 28. Nb3 Be3 29. Rxe3 fxe3 30. Nxc5 Rxc5 31. d7 1-0

[Event "2BLW 2324 Klub Kölner SF - SV Werder Br"]
[Site "?"]
[Date "2023.12.03"]
[Round "4.8"]
[White "Pfaar, Zeno"]
[Black "Breutigam, Martin"]
[Result "0-1"]
[WhiteElo "2013"]
[BlackElo "2354"]
[PlyCount "58"]
[EventDate "2023.??.??"]

1. e4 c6 2. d4 d5 3. e5 c5 4. Nf3 Bg4 5. dxc5 Nc6 6. c3 Bxf3 7. gxf3 e6 8. b4 Nxe5 9. Bf4 Nc6 10. Qa4 a6 11. Nd2 Be7 12. Nb3 Bf6 13. Nd4 Nge7 14. O-O-O O-O 15. Bd6 Re8 16. Bd3 Nxd4 17. cxd4 Nc6 18. Bb1 Nxd4 19. Qa3 g6 20. Qe3 Nb5 21. Be5 Bxe5 22. Qxe5 Qh4 23. f4 a5 24. a4 Na3 25. b5 Rac8 26. Qd4 Qe7 27. c6 bxc6 28. b6 c5 29. Qb2 Nc4 0-1

[Event "2BLW 2324 SC Siegburg - SG Porz"]
[Site "?"]
[Date "2023.12.03"]
[Round "4.1"]
[White "Lutz, Christopher"]
[Black "Roshka, Yevgeniy"]
[Result "1-0"]
[WhiteElo "2519"]
[BlackElo "2477"]
[PlyCount "95"]
[EventDate "2023.??.??"]

1. e4 e6 2. d4 d5 3. Nc3 Nf6 4. Bg5 dxe4 5. Nxe4 Be7 6. Bxf6 gxf6 7. Nf3 f5 8. Nc3 a6 9. g3 b5 10. Bg2 Bb7 11. O-O Nd7 12. d5 Nc5 13. dxe6 fxe6 14. Qe2 O-O 15. Rad1 Qe8 16. a3 Bf6 17. Qe3 Ne4 18. Nxe4 Bxe4 19. c3 Rd8 20. Rfe1 Qc6 21. Ne5 Bxe5 22. Bxe4 Qe8 23. Bc6 Qxc6 24. Rxd8 Rxd8 25. Qg5+ Kf7 26. Qxd8 Bf6 27. Qd3 Be7 28. Qe2 Bf6 29. Rd1 Be7 30. Qh5+ Kg7 31. Qe2 Kf7 32. Qd2 Qf3 33. Re1 Bd6 34. Qh6 e5 35. Qxh7+ Ke6 36. Qh3 e4 37. Qf1 Qh5 38. Qe2 Qh3 39. c4 c6 40. b4 Be5 41. cxb5 axb5 42. Qc2 Bd4 43. Qxc6+ Ke5 44. Qe8+ Kd5 45. Qxb5+ Ke6 46. Qe8+ Kd5 47. Qd7+ Ke5 48. Qg7+ 1-0

[Event "2BLW 2324 SC Siegburg - SG Porz"]
[Site "?"]
[Date "2023.12.03"]
[Round "4.2"]
[White "Hoffmann, Michael"]
[Black "Rotstein, Arkadij"]
[Result "1/2-1/2"]
[WhiteElo "2401"]
[BlackElo "2457"]
[PlyCount "45"]
[EventDate "2023.??.??"]

1. c4 e6 2. g3 Nf6 3. Bg2 d5 4. Nf3 dxc4 5. Qa4+ c6 6. Qxc4 b5 7. Qb3 Bb7 8. O-O a6 9. Ne5 Nbd7 10. d4 Nxe5 11. dxe5 Nd5 12. Nc3 Be7 13. Rd1 Qb8 14. Nxd5 cxd5 15. Be3 O-O 16. Bd4 Rc8 17. Rac1 Rc4 18. Qe3 Qe8 19. b3 Rxc1 20. Rxc1 Rc8 21. Bc5 b4 22. Bxe7 Rxc1+ 23. Qxc1 1/2-1/2

[Event "2BLW 2324 SC Siegburg - SG Porz"]
[Site "?"]
[Date "2023.12.03"]
[Round "4.3"]
[White "Suvorov, Alexander"]
[Black "Baklan, Vladimir"]
[Result "0-1"]
[WhiteElo "2334"]
[BlackElo "2532"]
[PlyCount "190"]
[EventDate "2023.??.??"]

1. d4 Nf6 2. Nf3 g6 3. g3 b6 4. Bg2 Bb7 5. O-O Bg7 6. c4 O-O 7. b3 c5 8. Bb2 cxd4 9. Bxd4 d5 10. Na3 Nc6 11. Bb2 Rc8 12. Ne5 dxc4 13. Nexc4 Ba6 14. Qe1 Qc7 15. Rc1 Qb8 16. h3 Rfd8 17. e4 Nd7 18. Bxg7 Kxg7 19. f4 Nc5 20. Rd1 Rxd1 21. Qxd1 Rd8 22. Qa1+ Kg8 23. Rd1 Nb4 24. Rxd8+ Qxd8 25. Kh2 Bb7 26. Nb5 Bxe4 27. Bxe4 Nxe4 28. Qb1 a6 29. Qxe4 axb5 30. Nxb6 Qd2+ 31. Qg2 Qxa2 32. Qxa2 Nxa2 33. Nc8 Kf8 34. Na7 Nc3 35. Kg2 Ke8 36. Nc6 Kd7 37. Ne5+ Ke6 38. Kf3 f6 39. Nc6 Kd6 40. Nd4 Kc5 41. Nc2 Na2 42. Ke3 Nc1 43. Nd4 b4 44. Ke4 f5+ 45. Ke3 Kd5 46. Nc2 Na2 47. Kd3 Kc5 48. Nd4 Nc1+ 49. Ke3 h6 50. g4 fxg4 51. hxg4 Kd5 52. f5 g5 53. Nc2 Nxb3 54. Nxb4+ Ke5 55. Nd3+ Kd5 56. Nb4+ Ke5 57. Nd3+ Kf6 58. Nb4 Nc5 59. Nd5+ Kf7 60. Nc7 Nd7 61. Kf3 Ne5+ 62. Kg3 Kf8 63. Kh3 Nd3 64. Kg3 Kf7 65. Kf3 Nf4 66. Ke4 Kg7 67. Ne8+ Kf8 68. Nc7 Kf7 69. Ke5 Nd3+ 70. Ke4 Nb4 71. Ke5 Nc6+ 72. Ke4 Nb8 73. Ke5 Nd7+ 74. Ke4 Nf6+ 75. Kf3 h5 76. gxh5 Kg7 77. Ne6+ Kh6 78. Kg3 Nxh5+ 79. Kg4 Nf6+ 80. Kg3 Nd5 81. Kf3 Kh5 82. Ke4 Nf6+ 83. Ke5 g4 84. Nf4+ Kg5 85. Ne2 Nh5 86. Ke4 Ng7 87. Nd4 g3 88. Ke5 g2 89. Nf3+ Kg4 90. Ng1 Nxf5 91. Ke4 Nd6+ 92. Ke3 Kg3 93. Ne2+ Kh2 94. Kf2 Ne4+ 95. Kf3 Nc3 0-1

[Event "2BLW 2324 SC Siegburg - SG Porz"]
[Site "?"]
[Date "2023.12.03"]
[Round "4.4"]
[White "Kovchan, Alexander"]
[Black "Suvorov, Luca"]
[Result "1-0"]
[WhiteElo "2491"]
[BlackElo "2333"]
[PlyCount "57"]
[EventDate "2023.??.??"]

1. e4 e5 2. Nf3 Nc6 3. Bb5 a6 4. Ba4 Nf6 5. O-O b5 6. Bb3 Bc5 7. c3 d6 8. a4 Rb8 9. d4 Bb6 10. axb5 axb5 11. Na3 O-O 12. Nxb5 Bg4 13. Bc2 Bxf3 14. gxf3 Nh5 15. f4 Nxf4 16. Bxf4 exf4 17. Kh1 Ne7 18. Qh5 c5 19. Rg1 cxd4 20. cxd4 Qd7 21. Bd3 d5 22. e5 Ng6 23. Ra3 Bd8 24. Nd6 Qe7 25. Nf5 Qe6 26. Bc2 Rxb2 27. Rh3 h6 28. Nxh6+ gxh6 29. Bxg6 1-0

[Event "2BLW 2324 SC Siegburg - SG Porz"]
[Site "?"]
[Date "2023.12.03"]
[Round "4.5"]
[White "Korotkjevich, Stanislav"]
[Black "Grinev, Valeriy"]
[Result "0-1"]
[WhiteElo "2362"]
[BlackElo "2418"]
[PlyCount "42"]
[EventDate "2023.??.??"]

1. d4 Nf6 2. Nf3 g6 3. c4 Bg7 4. Nc3 d5 5. Bg5 dxc4 6. e3 Be6 7. Ne5 Nd5 8. Nxc4 c5 9. Qa4+ Nc6 10. Ne5 O-O 11. Nxc6 bxc6 12. Rd1 cxd4 13. exd4 c5 14. dxc5 Nxc3 15. bxc3 Qc7 16. Rd3 Qxc5 17. Bd2 Rfd8 18. c4 Qe5+ 19. Be3 Bg4 20. Qa3 Qa1+ 21. Qc1 Bc3+ 0-1

[Event "2BLW 2324 SC Siegburg - SG Porz"]
[Site "?"]
[Date "2023.12.03"]
[Round "4.6"]
[White "Omelja, Artem"]
[Black "Pauly, Carlo"]
[Result "1-0"]
[WhiteElo "2434"]
[BlackElo "2321"]
[PlyCount "97"]
[EventDate "2023.??.??"]

1. Nf3 Nf6 2. c4 g6 3. Nc3 Bg7 4. d4 O-O 5. e4 d6 6. h3 e5 7. d5 Nh5 8. g3 Na6 9. Nh2 Nc5 10. Be3 a5 11. h4 c6 12. Be2 cxd5 13. cxd5 Nf6 14. Bxc5 dxc5 15. Ng4 Bxg4 16. Bxg4 Ne8 17. h5 Nd6 18. hxg6 hxg6 19. Qe2 Qg5 20. Kf1 b5 21. Bd7 Ra7 22. Bxb5 f5 23. Kg2 Raf7 24. Raf1 f4 25. Qf3 c4 26. g4 Rb7 27. a4 Rff7 28. Rh3 Bf6 29. Qe2 Bd8 30. f3 Rh7 31. Rfh1 Bb6 32. Qe1 Be3 33. Rxh7 Rxh7 34. Bc6 Rxh1 35. Qxh1 Kg7 36. Nb5 Nxb5 37. Bxb5 Qe7 38. Qe1 Qc7 39. g5 Bd4 40. Qh4 Kg8 41. Qh6 Qf7 42. d6 c3 43. d7 Bb6 44. Bc4 Qxc4 45. Qxg6+ Kf8 46. Qxb6 Qe2+ 47. Qf2 Qd1 48. bxc3 Ke7 49. Qc5+ 1-0

[Event "2BLW 2324 SC Siegburg - SG Porz"]
[Site "?"]
[Date "2023.12.03"]
[Round "4.7"]
[White "Malykin, Vitaly"]
[Black "Zavgorodniy, Sergiy"]
[Result "1-0"]
[WhiteElo "2335"]
[BlackElo "2407"]
[PlyCount "55"]
[EventDate "2023.??.??"]

1. Nf3 Nf6 2. c4 d6 3. d4 Nbd7 4. Nc3 c6 5. e4 e5 6. Be2 Be7 7. O-O O-O 8. Be3 Re8 9. d5 c5 10. Rb1 Nf8 11. b4 b6 12. bxc5 bxc5 13. h3 Ng6 14. Re1 h6 15. Qd2 Nh5 16. Kh2 Nhf4 17. Bf1 f5 18. g3 Rf8 19. gxf4 exf4 20. Bxc5 dxc5 21. e5 Nh4 22. Be2 Kh8 23. d6 Bg5 24. Qd5 Qa5 25. Qxa8 Qxc3 26. d7 Bxd7 27. Qxf8+ Kh7 28. Qa8 1-0

[Event "2BLW 2324 SC Siegburg - SG Porz"]
[Site "?"]
[Date "2023.12.03"]
[Round "4.8"]
[White "Kolkin, Michail"]
[Black "Marcziter, Dmitrii"]
[Result "1/2-1/2"]
[WhiteElo "2338"]
[BlackElo "2192"]
[PlyCount "87"]
[EventDate "2023.??.??"]

1. Nf3 Nf6 2. g3 g6 3. b3 Bg7 4. Bb2 c5 5. c4 O-O 6. Bg2 Nc6 7. O-O d6 8. d4 Ne4 9. e3 Rb8 10. Qc1 Bg4 11. dxc5 dxc5 12. Bxg7 Kxg7 13. Qb2+ f6 14. h3 Bd7 15. Ne1 Ng5 16. h4 Nf7 17. Nc3 Qc8 18. Rd1 Bh3 19. Nd3 Bxg2 20. Kxg2 Nce5 21. Nxe5 Nxe5 22. Qc2 Qc6+ 23. Qe4 Rbd8 24. Qxc6 Nxc6 25. Rd5 Rxd5 26. cxd5 Ne5 27. Rd1 Rd8 28. f4 Ng4 29. Kf3 Nh2+ 30. Kg2 Ng4 31. Kf3 Nh2+ 32. Ke2 f5 33. e4 fxe4 34. Nxe4 b6 35. d6 Rd7 36. Rh1 Ng4 37. Kf3 Nf6 38. dxe7 Rxe7 39. Nxf6 Kxf6 40. g4 Rd7 41. Ke3 Re7+ 42. Kf3 Rd7 43. Ke3 Re7+ 44. Kf3 1/2-1/2

[Event "2BLW 2324 Düsseldorfer SK - SV Koblenz"]
[Site "?"]
[Date "2023.12.03"]
[Round "4.1"]
[White "Sulskis, Sarunas"]
[Black "Vidit, Santosh Gujrathi"]
[Result "0-1"]
[WhiteElo "2490"]
[BlackElo "2737"]
[PlyCount "86"]
[EventDate "2023.??.??"]

1. e4 e5 2. Nf3 Nc6 3. d4 exd4 4. Bc4 Nf6 5. O-O d6 6. Nxd4 Be7 7. Nc3 O-O 8. Re1 Re8 9. h3 Bf8 10. Nxc6 bxc6 11. e5 dxe5 12. Qxd8 Rxd8 13. Rxe5 Bd6 14. Re2 h5 15. Bg5 Bf5 16. Bd3 Bxd3 17. cxd3 Rd7 18. Bxf6 gxf6 19. Ne4 Be5 20. Nc5 Rd5 21. Rc1 Rb8 22. b3 Rb5 23. Rec2 Bf4 24. Ne4 Rxd3 25. Re1 Kg7 26. Rxc6 Be5 27. h4 a5 28. g3 a4 29. bxa4 Rb2 30. Rc4 Bd4 31. Rf1 Re2 32. Nc5 Rxg3+ 33. Kh1 Bxf2 34. Ne4 Rg4 35. a5 Rxa2 36. Nc3 Rxc4 37. Nxa2 Bxh4 38. Nc1 Ra4 39. Nb3 Ra3 40. Nd4 Bg5 41. Nc6 h4 42. Kg2 h3+ 43. Kh2 Kh6 0-1

[Event "2BLW 2324 Düsseldorfer SK - SV Koblenz"]
[Site "?"]
[Date "2023.12.03"]
[Round "4.2"]
[White "Praggnanandhaa R"]
[Black "Wiedenkeller, Michael"]
[Result "1-0"]
[WhiteElo "2740"]
[BlackElo "2427"]
[PlyCount "69"]
[EventDate "2023.??.??"]

1. d4 d5 2. Nf3 Nf6 3. c4 dxc4 4. e3 e6 5. Bxc4 c5 6. O-O a6 7. Re1 b5 8. Bf1 Bb7 9. a4 b4 10. Nbd2 cxd4 11. e4 Be7 12. e5 Nfd7 13. Nc4 O-O 14. Nxd4 Nc6 15. Nxc6 Bxc6 16. Bf4 Nb6 17. Qg4 g6 18. Bh6 Re8 19. Red1 Nd5 20. h4 Bf8 21. Bxf8 Rxf8 22. Qg3 Qe7 23. h5 Kg7 24. Nd6 a5 25. Rdc1 Qd7 26. Bc4 Ra7 27. Bb3 f5 28. Rc5 Ne7 29. Rac1 Bd5 30. Nb5 Rb7 31. Rc7 Rxc7 32. Rxc7 Qd8 33. Bxd5 exd5 34. Qg5 Rf7 35. h6+ 1-0

[Event "2BLW 2324 Düsseldorfer SK - SV Koblenz"]
[Site "?"]
[Date "2023.12.03"]
[Round "4.3"]
[White "Fritsche, Lutz"]
[Black "Erigaisi Arjun"]
[Result "0-1"]
[WhiteElo "2313"]
[BlackElo "2727"]
[PlyCount "58"]
[EventDate "2023.??.??"]

1. e4 c5 2. Nc3 Nc6 3. g3 g6 4. Bg2 Bg7 5. d3 e6 6. Be3 Nd4 7. Nf3 Ne7 8. O-O O-O 9. Qd2 Nec6 10. Ne1 b6 11. Bh6 Bxh6 12. Qxh6 f5 13. exf5 Nxf5 14. Qd2 Bb7 15. f4 d5 16. Nf3 d4 17. Nd1 Qc7 18. Re1 Rae8 19. Ne5 Nxe5 20. Rxe5 Bxg2 21. Qxg2 g5 22. Nf2 gxf4 23. gxf4+ Kh8 24. Kh1 Rg8 25. Qh3 Rg6 26. Rae1 Reg8 27. Qf3 Ne3 28. Ne4 Rf8 29. Qh3 Ng2 0-1

[Event "2BLW 2324 Düsseldorfer SK - SV Koblenz"]
[Site "?"]
[Date "2023.12.03"]
[Round "4.4"]
[White "Van Foreest, Jorden"]
[Black "Hammes, Michael"]
[Result "1-0"]
[WhiteElo "2679"]
[BlackElo "2339"]
[PlyCount "57"]
[EventDate "2023.??.??"]

1. e4 e6 2. d4 d5 3. Nc3 Nf6 4. e5 Nfd7 5. f4 c5 6. Nf3 Be7 7. Be3 b6 8. Qd2 O-O 9. h4 Nc6 10. Bb5 Bb7 11. Bxc6 Bxc6 12. h5 f6 13. O-O-O Rc8 14. Qe1 a5 15. exf6 Bxf6 16. g4 Qc7 17. Kb1 Rce8 18. g5 Be7 19. Nh4 Bd6 20. Ng6 Rf5 21. Qh4 Nf8 22. Ne5 Nd7 23. Ne2 Bxe5 24. fxe5 Ref8 25. g6 Qd8 26. gxh7+ Kh8 27. Qg4 cxd4 28. Nxd4 Nxe5 29. Qg3 1-0

[Event "2BLW 2324 Düsseldorfer SK - SV Koblenz"]
[Site "?"]
[Date "2023.12.03"]
[Round "4.5"]
[White "Stewart, Neil"]
[Black "Esipenko, Andrey"]
[Result "0-1"]
[WhiteElo "2275"]
[BlackElo "2702"]
[PlyCount "82"]
[EventDate "2023.??.??"]

1. d4 Nf6 2. c4 e6 3. g3 c5 4. Nf3 cxd4 5. Nxd4 d5 6. Bg2 e5 7. Nf3 d4 8. O-O Nc6 9. e3 Be7 10. exd4 exd4 11. Bf4 O-O 12. Ne5 Be6 13. Qb3 Rc8 14. Qxb7 Nxe5 15. Bxe5 Bxc4 16. Rc1 Ng4 17. Bf4 g5 18. Nd2 Be6 19. Bc7 Qd7 20. Qc6 d3 21. Qxd7 Bxd7 22. Bb7 Rce8 23. Ne4 f5 24. Bd5+ Kg7 25. Nd6 Bxd6 26. Bxd6 Rf6 27. Bb4 Kg6 28. Rc7 Be6 29. Bc6 Rb8 30. Bc3 Rf7 31. Rxf7 Bxf7 32. Rd1 Bc4 33. a3 Nf6 34. f3 Rc8 35. Ba4 Nd5 36. Bd7 Nxc3 37. bxc3 Rc7 38. Be8+ Kf6 39. Ba4 Re7 40. Rd2 Re1+ 41. Kf2 Ra1 0-1

[Event "2BLW 2324 Düsseldorfer SK - SV Koblenz"]
[Site "?"]
[Date "2023.12.03"]
[Round "4.6"]
[White "Bologan, Victor"]
[Black "Doncevic, Dario"]
[Result "1/2-1/2"]
[WhiteElo "2586"]
[BlackElo "2229"]
[PlyCount "86"]
[EventDate "2023.??.??"]

1. e4 c5 2. Nf3 g6 3. c3 d5 4. e5 a6 5. d4 Nc6 6. h3 Bg7 7. Bd3 f6 8. O-O fxe5 9. Nxe5 Nxe5 10. dxe5 Bxe5 11. f4 Bg7 12. f5 Qb6 13. Be3 gxf5 14. b4 Qg6 15. Bxc5 Nf6 16. Nd2 Rg8 17. Nf3 Ne4 18. Qe2 Bd7 19. Rac1 Rc8 20. c4 Nxc5 21. bxc5 Rxc5 22. Qf2 d4 23. Rce1 Bf6 24. Kh2 h5 25. Re2 Bc6 26. Re6 Qg7 27. Rfe1 Kd8 28. Rxc6 bxc6 29. Qb2 Qg3+ 30. Kh1 Ke8 31. Re2 Kf7 32. Qa3 Re5 33. Qb2 Re3 34. Bxf5 Rxf3 35. Be6+ Kf8 36. Qb1 Be5 37. Qg1 Rf1 38. Qxf1+ Kg7 39. Rxe5 Qxe5 40. Qf7+ Kh6 41. Qxg8 Qe1+ 42. Kh2 Qe5+ 43. Kh1 Qe1+ 1/2-1/2

[Event "2BLW 2324 Düsseldorfer SK - SV Koblenz"]
[Site "?"]
[Date "2023.12.03"]
[Round "4.7"]
[White "Wolf, Volker"]
[Black "Berelowitsch, Alexander"]
[Result "1/2-1/2"]
[WhiteElo "2225"]
[BlackElo "2485"]
[PlyCount "121"]
[EventDate "2023.??.??"]

1. e4 c5 2. Nf3 g6 3. d4 cxd4 4. Nxd4 Bg7 5. Nf3 Nc6 6. Be2 Nf6 7. Nc3 O-O 8. Bg5 a5 9. a4 d6 10. O-O Be6 11. Kh1 h6 12. Bh4 g5 13. Bg3 d5 14. exd5 Nxd5 15. Nxd5 Bxd5 16. c3 e5 17. Nd2 Qb6 18. Bc4 Rad8 19. Bxd5 Rxd5 20. Nc4 Rxd1 21. Nxb6 Rxf1+ 22. Rxf1 Rd8 23. Nc4 f5 24. f3 Kf7 25. Bf2 Ke6 26. Bb6 Rd5 27. Re1 Bf8 28. g4 f4 29. Kg2 Bc5 30. Bc7 Be3 31. Kf1 Rd3 32. Ke2 Rd7 33. Bb6 Bxb6 34. Nxb6 Rh7 35. h3 e4 36. fxe4 h5 37. gxh5 Rxh5 38. Rg1 Ne5 39. Nd5 Rxh3 40. Rxg5 Rh2+ 41. Kf1 Nd3 42. Rf5 Rf2+ 43. Kg1 Rxb2 44. Nxf4+ Nxf4 45. Rxf4 Ra2 46. Rf5 Rxa4 47. Rb5 Rxe4 48. Rxb7 Kd6 49. Kf2 Kc5 50. Kf3 Re8 51. Rb3 Re1 52. Ra3 Kb5 53. Kf2 Re4 54. Kf3 Re5 55. Kf4 Re1 56. Kf3 a4 57. Kf2 Rb1 58. Ke2 Rb3 59. Rxb3+ axb3 60. Kd1 Kc4 61. Kd2 1/2-1/2

[Event "2BLW 2324 Düsseldorfer SK - SV Koblenz"]
[Site "?"]
[Date "2023.12.03"]
[Round "4.8"]
[White "Orlov, Andrey"]
[Black "Repplinger, Marc"]
[Result "1-0"]
[WhiteElo "2486"]
[BlackElo "2199"]
[PlyCount "63"]
[EventDate "2023.??.??"]

1. e4 e6 2. d4 d5 3. Nc3 a6 4. exd5 exd5 5. Qf3 Be6 6. Bf4 Nf6 7. h3 Be7 8. Bd3 Nc6 9. Nge2 Nb4 10. O-O-O Nxd3+ 11. Rxd3 Qd7 12. Be5 O-O 13. Nf4 Rad8 14. Qg3 g6 15. Re3 Ne4 16. Nxe4 dxe4 17. Rxe4 Bf5 18. Re2 f6 19. Bxc7 Qxc7 20. Nd5 Qc4 21. Nxe7+ Kh8 22. Rhe1 Qxa2 23. Qc3 Qa1+ 24. Kd2 Qa4 25. Nxf5 gxf5 26. b3 Rxd4+ 27. Kc1 Qa3+ 28. Kb1 Qd6 29. Re6 Qb4 30. Qc7 Qb5 31. Re7 Rh4 32. Qg3 1-0

[Event "2BLW 2324 Aachener SV - Bad Emstal/Wolfh"]
[Site "?"]
[Date "2023.12.03"]
[Round "4.1"]
[White "Galperin, Platon"]
[Black "Koch, Thomas"]
[Result "0-1"]
[WhiteElo "2566"]
[BlackElo "2426"]
[PlyCount "62"]
[EventDate "2023.??.??"]

1. e4 c5 2. Nf3 d6 3. Nc3 e5 4. Bc4 Be7 5. d3 Nf6 6. h4 Bg4 7. Nd5 Nxd5 8. Bxd5 Nc6 9. c3 O-O 10. Be3 Be6 11. Bxe6 fxe6 12. Ng5 Rf6 13. Qh5 h6 14. Nf3 b5 15. Nh2 Qe8 16. Qe2 d5 17. g4 Rf8 18. g5 h5 19. g6 Qxg6 20. O-O-O dxe4 21. dxe4 Qxe4 22. Qxh5 Nb4 23. cxb4 cxb4 24. b3 Rac8+ 25. Kb2 Rc2+ 26. Ka1 Qc6 27. Kb1 Qc3 28. Bc1 Rfxf2 29. Rd8+ Bxd8 30. Qe8+ Rf8 31. Qg6 Rxa2 0-1

[Event "2BLW 2324 Aachener SV - Bad Emstal/Wolfh"]
[Site "?"]
[Date "2023.12.03"]
[Round "4.2"]
[White "Lemmers, Oscar"]
[Black "Sivuk, Vitaly"]
[Result "0-1"]
[WhiteElo "2354"]
[BlackElo "2490"]
[PlyCount "152"]
[EventDate "2023.??.??"]

1. e4 c6 2. c4 e5 3. Nf3 d6 4. d4 Bg4 5. dxe5 Bxf3 6. gxf3 dxe5 7. Qxd8+ Kxd8 8. Nc3 Nf6 9. f4 Bb4 10. Bd2 Nbd7 11. O-O-O exf4 12. Rg1 Bd6 13. Rxg7 Ke7 14. Ne2 Nxe4 15. Bxf4 Rag8 16. Bxd6+ Nxd6 17. Rxg8 Rxg8 18. Ng3 a5 19. Rd4 Rg6 20. f4 Nc5 21. f5 Rh6 22. Rd2 f6 23. b3 Rh4 24. Kc2 Rf4 25. Bg2 Nxf5 26. Nxf5+ Rxf5 27. a3 Rf4 28. Re2+ Kd6 29. Kc3 Nd7 30. b4 axb4+ 31. axb4 Ne5 32. c5+ Ke6 33. Rd2 Rh4 34. Kb3 Ke7 35. h3 Rh5 36. b5 Nd7 37. bxc6 bxc6 38. Bxc6 Nxc5+ 39. Kc4 Ne6 40. Rd7+ Kf8 41. Rd6 Rc5+ 42. Kd3 Re5 43. Kd2 Kg7 44. Rd7+ Kg6 45. Re7 h6 46. Be8+ Kg5 47. Bd7 Nc5 48. Rg7+ Kh4 49. Rg4+ Kh5 50. Bc6 f5 51. Rg1 Kh4 52. Bf3 Re6 53. Rg7 Kxh3 54. Rf7 Re5 55. Rf6 Kg3 56. Ba8 h5 57. Rg6+ Kf4 58. Rh6 Kg5 59. Rh8 Ne4+ 60. Bxe4 Rxe4 61. Rg8+ Kf4 62. Rh8 Kg4 63. Rg8+ Kf3 64. Rg5 f4 65. Rxh5 Kf2 66. Kd3 Re8 67. Rh7 f3 68. Rh6 Rd8+ 69. Kc2 Ke2 70. Re6+ Kf1 71. Rf6 f2 72. Rg6 Rd5 73. Rg8 Ke2 74. Re8+ Kf3 75. Rf8+ Ke3 76. Rf7 Rd4 0-1

[Event "2BLW 2324 Aachener SV - Bad Emstal/Wolfh"]
[Site "?"]
[Date "2023.12.03"]
[Round "4.3"]
[White "Larkin, Vladyslav"]
[Black "Klein, Felix"]
[Result "1-0"]
[WhiteElo "2490"]
[BlackElo "2293"]
[PlyCount "95"]
[EventDate "2023.??.??"]

1. d4 d5 2. Bf4 Nf6 3. e3 e6 4. Nd2 Bd6 5. Bg3 O-O 6. Ngf3 c5 7. c3 Qc7 8. dxc5 Qxc5 9. Bd3 Nbd7 10. Nd4 Ne5 11. Bc2 Ng6 12. a4 Bxg3 13. hxg3 e5 14. N2b3 Qe7 15. Nf5 Bxf5 16. Bxf5 Rfd8 17. Qe2 Rab8 18. Bxg6 hxg6 19. g4 Ne4 20. Rh2 Qc7 21. O-O-O b5 22. axb5 a6 23. Rdh1 f6 24. Rh8+ Kf7 25. Rxd8 Qxd8 26. Nd2 Nxd2 27. Qxd2 Rxb5 28. Qc2 Qc7 29. f3 Qc4 30. Kd2 Rb3 31. Ra1 Qb5 32. Ra2 Qb7 33. Kc1 Qb5 34. Kd2 Qb7 35. Ke1 a5 36. Kf2 a4 37. Qe2 g5 38. Kg1 Qc6 39. Qd3 Kf8 40. Kh2 Qc5 41. Rxa4 Rxb2 42. Ra8+ Kf7 43. Qh7 Qc6 44. Qg8+ Kg6 45. Rf8 Qc7 46. Qh8 e4+ 47. f4 gxf4 48. Qh5# 1-0

[Event "2BLW 2324 Aachener SV - Bad Emstal/Wolfh"]
[Site "?"]
[Date "2023.12.03"]
[Round "4.4"]
[White "Sonntag, Hans-Hubert"]
[Black "Bilych, Olexiy"]
[Result "1/2-1/2"]
[WhiteElo "2283"]
[BlackElo "2433"]
[PlyCount "49"]
[EventDate "2023.??.??"]

1. d4 d5 2. Nf3 Nf6 3. c4 e6 4. Nc3 c6 5. e3 Nbd7 6. Bd3 dxc4 7. Bxc4 b5 8. Bd3 a6 9. a4 b4 10. Ne4 c5 11. dxc5 Nxc5 12. Nxc5 Bxc5 13. Qe2 Bb7 14. O-O O-O 15. e4 e5 16. Bg5 h6 17. Bh4 Qe7 18. Rac1 Rfc8 19. Rc4 g5 20. Bg3 Nd7 21. a5 f6 22. Nd2 Rc7 23. Nb3 Rac8 24. Rfc1 Kg7 25. Kf1 1/2-1/2

[Event "2BLW 2324 Aachener SV - Bad Emstal/Wolfh"]
[Site "?"]
[Date "2023.12.03"]
[Round "4.5"]
[White "Bogdanov, Egor"]
[Black "Begnis, Nikolaos"]
[Result "1-0"]
[WhiteElo "2394"]
[BlackElo "2279"]
[PlyCount "77"]
[EventDate "2023.??.??"]

1. e4 c5 2. c3 d5 3. exd5 Nf6 4. d4 Nxd5 5. Nf3 e6 6. Bd3 Nc6 7. O-O cxd4 8. cxd4 Be7 9. Nc3 O-O 10. Re1 Ncb4 11. Bb1 Nf6 12. Bg5 Bd7 13. Ne5 Rc8 14. Re3 g6 15. Rg3 Nc6 16. Bh6 Be8 17. Rd3 Nb4 18. Rd2 Nbd5 19. Nxd5 Nxd5 20. Bxf8 Bxf8 21. Be4 Qa5 22. Rc2 Rd8 23. Qc1 Nf6 24. Bxb7 Rxd4 25. Nc6 Bxc6 26. Bxc6 Ng4 27. Bf3 Ne5 28. Be2 Kg7 29. Qe3 Qd5 30. Bf3 Nxf3+ 31. Qxf3 Qd6 32. g3 e5 33. Re1 Rd5 34. Qc3 Qf6 35. Qc6 Rd6 36. Qe4 Re6 37. Rd1 Re8 38. Rc7 Qb6 39. Rdd7 1-0

[Event "2BLW 2324 Aachener SV - Bad Emstal/Wolfh"]
[Site "?"]
[Date "2023.12.03"]
[Round "4.6"]
[White "Coenen, Norbert"]
[Black "Petrovskyi, Vadym"]
[Result "1-0"]
[WhiteElo "2257"]
[BlackElo "2440"]
[PlyCount "137"]
[EventDate "2023.??.??"]

1. e4 c5 2. Nf3 d6 3. Bc4 Nf6 4. d3 Nc6 5. O-O e6 6. Bb3 Be7 7. c3 O-O 8. Re1 b5 9. d4 Bb7 10. Nbd2 Rc8 11. dxc5 dxc5 12. Qe2 c4 13. Bc2 Nd7 14. Nf1 Nde5 15. Rd1 Qc7 16. Bf4 Bd6 17. Bg3 Rfd8 18. Nxe5 Bxe5 19. Rxd8+ Rxd8 20. Rd1 Rb8 21. Rd2 Bxg3 22. hxg3 Ne5 23. Qe3 a5 24. Qd4 f6 25. Qd6 Qxd6 26. Rxd6 Bc8 27. f4 Nf7 28. Rc6 Kf8 29. Rc7 a4 30. Kf2 Ke8 31. Nd2 Bd7 32. Bd1 Ra8 33. Ke3 Kd8 34. Rc5 Ke7 35. Nf3 a3 36. b3 cxb3 37. Bxb3 Rc8 38. Rxc8 Bxc8 39. Nd4 Bd7 40. Nc2 Kd6 41. Nxa3 Kc5 42. Nc2 Nd6 43. Nb4 Nc4+ 44. Kd3 e5 45. Bxc4 bxc4+ 46. Ke3 Be6 47. Nc2 Bd7 48. Ne1 Kd6 49. Nf3 Ba4 50. fxe5+ fxe5 51. Ng5 h5 52. Nf3 Bc2 53. Nh4 Ke6 54. Nf5 g5 55. Ng7+ Kf7 56. Nf5 Ke6 57. Ng7+ Kf7 58. Nxh5 g4 59. Nf4 exf4+ 60. gxf4 g3 61. f5 Ba4 62. Kf4 Bc6 63. a4 Bxa4 64. Kxg3 Bc2 65. Kf4 Kf6 66. g4 Bd3 67. g5+ Kg7 68. e5 Kf7 69. e6+ 1-0

[Event "2BLW 2324 Aachener SV - Bad Emstal/Wolfh"]
[Site "?"]
[Date "2023.12.03"]
[Round "4.7"]
[White "Bilovil, Bogdan"]
[Black "Ngo, Quang Thai"]
[Result "1-0"]
[WhiteElo "2402"]
[BlackElo "2121"]
[PlyCount "145"]
[EventDate "2023.??.??"]

1. d4 Nf6 2. c4 e6 3. Nc3 Bb4 4. e3 O-O 5. Bd3 d5 6. a3 Bxc3+ 7. bxc3 dxc4 8. Bxc4 c5 9. Ne2 Qc7 10. Bd3 Nc6 11. f4 b6 12. O-O Bb7 13. e4 Ne7 14. Ng3 cxd4 15. cxd4 Qc3 16. Ra2 Qxd4+ 17. Kh1 Rad8 18. Rd2 Qc5 19. Bb2 Rxd3 20. Rxd3 Nxe4 21. Nxe4 Bxe4 22. Rd8 Nf5 23. Rxf8+ Qxf8 24. Qd7 Bxg2+ 25. Kxg2 Ne3+ 26. Kf2 Nxf1 27. Kxf1 Qa8 28. Kf2 h6 29. Qd4 Qf8 30. Qe5 Kh7 31. Kg3 Qg8 32. Qe4+ Kh8 33. Qb7 f6 34. Qxa7 Qd8 35. Qb7 Qd3+ 36. Qf3 Qb1 37. Qe2 Qg1+ 38. Kf3 Qh1+ 39. Ke3 Qd5 40. Qd2 Qc6 41. Qd8+ Kh7 42. Qd3+ Kg8 43. Qe4 Qd7 44. a4 Kf7 45. Qb4 Qc7 46. Bd4 g5 47. fxg5 hxg5 48. Bxb6 Qxh2 49. a5 Qg1+ 50. Kd2 Qg2+ 51. Kc3 Qf3+ 52. Kb2 Qe2+ 53. Ka3 g4 54. Qb2 Qf1 55. Qd4 g3 56. Qd7+ Kg6 57. Qxe6 g2 58. Qg4+ Kf7 59. Kb4 f5 60. Qc4+ Kg6 61. a6 Qb1+ 62. Ka5 Qxb6+ 63. Kxb6 g1=Q+ 64. Qc5 Qa1 65. a7 Kg5 66. Qe7+ Kg4 67. Qe2+ Kg3 68. Qd3+ Kg4 69. Qc4+ Kh3 70. Qb3+ Kh4 71. Qc4+ Kh5 72. Qf7+ Kh4 73. Qh7+ 1-0

[Event "2BLW 2324 Aachener SV - Bad Emstal/Wolfh"]
[Site "?"]
[Date "2023.12.03"]
[Round "4.8"]
[White "Lamby, Philipp"]
[Black "Prokofiev, Valentyn"]
[Result "0-1"]
[WhiteElo "2195"]
[BlackElo "2340"]
[PlyCount "82"]
[EventDate "2023.??.??"]

1. e4 c5 2. c3 Nf6 3. e5 Nd5 4. d4 cxd4 5. Nf3 e6 6. cxd4 d6 7. Bc4 Be7 8. O-O O-O 9. Qe2 b6 10. Rd1 Bb7 11. Bxd5 exd5 12. Be3 Na6 13. Nc3 Nc7 14. Re1 Qd7 15. Rad1 Rfe8 16. h3 Rad8 17. Qc2 Rc8 18. Qb3 Ba6 19. Bf4 Bc4 20. Qc2 Ne6 21. exd6 Bxd6 22. Bxd6 Qxd6 23. Qf5 Nc7 24. Ne5 f6 25. Ng4 Ba6 26. a3 Rcd8 27. Rxe8+ Rxe8 28. Ne3 g6 29. Qf3 Bb7 30. Rc1 Kg7 31. g3 Bc6 32. Qg4 Kf7 33. Kg2 Ne6 34. h4 h5 35. Qd1 f5 36. Nxf5 gxf5 37. Qxh5+ Kf6 38. Re1 Nf4+ 39. gxf4 Rxe1 40. Qg5+ Kf7 41. h5 Qf6 0-1